Zakletí poníci. Cukr a koření /
Příběh o začarovaných ponících a dvou kamarádkách, které je musí vysvobodit.
Uloženo v:
| Série: | Zakletí poníci,
část |
|---|---|
| Hlavní autor: | |
| Další autoři: | |
| Médium: | E-kniha |
| Jazyk: | Czech |
| Vydáno: |
Praha :
Dobrovský s.r.o.,
2023
|
| Edice: | Drobek
|
| Témata: | |
| Příbuzné jednotky: | Přeloženo z:
Spellbound ponies Z cyklu:: Zakletí poníci |
| Tagy: |
Žádné tagy |
| LEADER | 02402nam a2200505 i 4500 | ||
|---|---|---|---|
| 001 | 311936 | ||
| 003 | CZ PrSKC | ||
| 005 | 20260601215714.0 | ||
| 007 | ta | ||
| 008 | 230427s2023 xr a b 000 j cze | ||
| 015 | |a cnb003518062 | ||
| 020 | |a 9788027710492 |q (vázáno) | ||
| 035 | |a (OCoLC)1393198810 | ||
| 040 | |a ABG001 |b cze |e rda | ||
| 041 | 1 | |a cze |h eng | |
| 072 | 7 | |a 821.111 |x Anglická literatura, anglicky psaná |2 Konspekt | |
| 072 | 7 | |a 821-93 |x Literatura pro děti a mládež (beletrie) |2 Konspekt | |
| 080 | |a 821.111(931)-32 |2 MRF | ||
| 080 | |a 821-93 |2 MRF | ||
| 080 | |a (0:82-32) |2 MRF | ||
| 100 | 1 | |a Gregg, Stacy |7 xx0158672 |4 aut | |
| 240 | 1 | 0 | |a Sugar and spices. |l Česky |
| 245 | 1 | 0 | |a Zakletí poníci. |p Cukr a koření / |c Stacy Gregg ; z anglického originálu Spellbound ponies: Sugar and spices přeložila Jana Milotová |
| 246 | 3 | 0 | |a Cukr a koření |
| 264 | 1 | |a Praha : |b Dobrovský s.r.o., |c 2023 | |
| 300 | |a 98 stran : |b ilustrace ; |c 21 cm | ||
| 336 | |a text |b txt |2 rdacontent | ||
| 337 | |a bez média |b n |2 rdamedia | ||
| 338 | |a svazek |b nc |2 rdacarrier | ||
| 490 | 1 | |a Drobek | |
| 520 | 2 | |a Příběh o začarovaných ponících a dvou kamarádkách, které je musí vysvobodit. |b Princ, dostihový kůň, není tak rychlý, jak býval, a jeho láska k dobrému jídlu mu v tom moc nepomáhá. Dokážou Olivia a Eliza pomoci zlomit kouzlo a přimět Prince znovu pořádně trénovat dřív, než se přiblíží jeho velký závod? Nakladatelská anotace. | |
| 521 | 8 | |a Pro děti od 5 do 10 let | |
| 655 | 7 | |a novozélandské příběhy |7 fd1075167 |2 czenas | |
| 655 | 7 | |a publikace pro děti |7 fd133156 |2 czenas | |
| 655 | 9 | |a New Zealand stories |2 eczenas | |
| 655 | 9 | |a children's literature |2 eczenas | |
| 700 | 1 | |a Hrdličková, Jana, |d 1989- |7 jo20211125227 |4 trl | |
| 765 | 0 | |t Spellbound ponies | |
| 787 | 0 | 8 | |i Z cyklu: |t Zakletí poníci |
| 830 | 0 | |a Drobek | |
| 900 | |a ABA001 |b 20 | ||
| 044 | |a xr | ||
| 910 | |a RBIT002 | ||
| 998 | |d 375929 |a https://core.palmknihy.cz/api/books/375929/cover?rufvj0 |b https://core.palmknihy.cz/api/books/375929/cover/400?rufvj0 |c https://core.palmknihy.cz/api/books/375929/cover/50?rufvj0 |e 2027-01-04 |g 104 |i 9788027710492 |j https://core.palmknihy.cz/api/books/375929/preview.epub |k https://core.palmknihy.cz/api/books/375929/preview.pdf |l |q 49 |r 1 |s https://www.palmknihy.cz/kniha/375929 |t ebook |y 2023 |z 0 |v Zakletí poníci |w 2 | ||
| 999 | |d 311934 | ||